Islands by Ocean - Statistics

General Stats
  • This quiz has been taken 75 times
  • The average score is 12 of 16
Answer Stats
Hint Answer % Correct
Ireland Atlantic
95%
Madagascar Indian
95%
Hispaniola Atlantic
84%
Great Britain Atlantic
84%
Trinidad Atlantic
84%
Honshu Pacific
82%
Sri Lanka Indian
81%
Oahu Pacific
81%
Sicily Atlantic
79%
New Guinea Pacific
75%
Luzon Pacific
74%
Baffin Arctic
67%
Spitsbergen Arctic
65%
Socotra Indian
51%
Zealand Atlantic
49%
Alexander Antarctic
40%
No matching quizzes found
Score Distribution
Percent of People with Each Score
Percentile by Number Answered
Your Score History
You have not taken this quiz